000 00634nam a22002177a 4500
003 UA-OsUOA
001 117847
007 ta
008 20160621b un ||||| |||| 00| 0 ukr d
100 _aСюндюков І.
090 _a2
_bС98
942 _cSA
040 _aUA-OsUOA
_bukr
_cUA-OsUOA
_dUA-OsUOA
245 _aДуховний світоч Болгарії. Шляхи Климента Охридського, першого слов'янського письменника
300 _aС.18
955 _a0
041 _aukr
080 _a2
773 0 _w117845
650 7 _a2 Релігія. Теологія.
_2UDC
999 _c403895
_d403895